| 000 | 00535nam a22001817a 4500 | ||
|---|---|---|---|
| 003 | NUST - PNEC | ||
| 005 | 20170116181204.0 | ||
| 008 | 160223b xxu||||| |||| 00| 0 eng d | ||
| 020 | _a- | ||
| 040 | _cLIBRARY | ||
| 082 | _a355.973 GOM | ||
| 100 |
_916601 _aGompert, David C. |
||
| 245 |
_aBattle-Wise: Seeking time-information superiority in network warfare _cDavid C. Gompert, Irving Lachow |
||
| 260 |
_aRawalpindi: _bServices Book Club; _c2014 |
||
| 300 | _a174 pages | ||
| 650 |
_916602 _aWarfare _xGeneral |
||
| 942 |
_2ddc _cBK |
||
| 999 |
_c71577 _d71577 |
||